El ABC de los energías renovables en los sistemas eléctricos (Registro nro. 7488)
[ vista simple ]
| 000 -CABECERA | |
|---|---|
| campo de control de longitud fija | 00760nam a22002657a 4500 |
| 005 - FECHA Y HORA DE ACTUALIZACIÓN | |
| campo de control | 20180820123347.0 |
| 008 - LONGITUD FIJA | |
| campo de control de longitud fija | 160125b xxu||||| |||| 00| 0 spa d |
| 041 ## - IDIOMA | |
| Código de idioma del texto/pista de sonido o título separado | |
| 082 ## - CLASIFICACIÓN DECIMAL DEWEY | |
| Número de clasificación | 621.042 H56a |
| 100 ## - AUTOR PERSONAL | |
| Nombre de persona | Enríquez Harper, Gilberto |
| 245 ## - TÍTULO PROPIAMENTE DICHO | |
| Título | El ABC de los energías renovables en los sistemas eléctricos |
| 260 ## - PIE DE IMPRENTA | |
| Lugar de publicación, distribución, etc. | México |
| 260 ## - PIE DE IMPRENTA | |
| Nombre del editor, distribuidor, etc. | Limusa |
| 260 ## - PIE DE IMPRENTA | |
| Fecha de publicación, distribución, etc. | 2014 |
| 300 ## - DESCRIPCIÓN FÍSICA | |
| Extensión | 324 páginas |
| 650 ## - Materia General | |
| Materia general | ENERGÍAS RENOVABLES |
| 650 ## - Materia General | |
| Materia general | ENERGÍA ELÉCTRICA |
| 650 ## - Materia General | |
| Materia general | MEDIO AMBIENTE |
| 650 ## - Materia General | |
| Materia general | ENERGÍA EÓLICA |
| 650 ## - Materia General | |
| Materia general | AEROGENERADORES |
| 650 ## - Materia General | |
| Materia general | PLANTAS HIDROELÉCTRICAS |
| 650 ## - Materia General | |
| Materia general | ENERGÍA SOLAR |
| 650 ## - Materia General | |
| Materia general | TURBINAS HIDRAULICAS |
| 942 ## - Punto de Acceso Adicional Koha | |
| Tipo de ítem Koha | Libro |
| Estado perdido | Estado dañado | No para préstamo | Biblioteca permanente | Biblioteca actual | Signatura completa | Código de barras | Precio efectivo a partir del | Tipo de ítem |
|---|---|---|---|---|---|---|---|---|
| Departamento de Biblioteca y Documentación Alfonso Chase Brenes | Departamento de Biblioteca y Documentación Alfonso Chase Brenes | 621.042 H56a | 19870 | 25/01/2016 | Libro |